000 00338nam a22001451a 4500
082 _aH3
_bRAM/Q
100 _aRamkumar Bhramar
245 _aQaid Awazen/
_cby Ramkumar Bhramar
260 _aNew Delhi:
_bNational,
_c1971.
300 _a154p.
650 _aNovel Hindi
650 _aLiterature Hindi
650 _aLiterature
942 _cBK
999 _c36698
_d36698